[Event "Merano Gold Cup 42nd"]
[Site "Merano"]
[Date "2014.04.29"]
[Round "5"]
[White "Wulf, Adalbert"]
[Black "Rumi, Giuseppe"]
[Result "1/2-1/2"]
[WhiteElo "1949"]
[BlackElo "1599"]
[PlyCount "45"]
[EventDate "2014.04.25"]
[EventType "swiss"]
[EventRounds "9"]
[EventCountry "ITA"]
[SourceTitle "EXT 2015"]
[Source "ChessBase"]
[SourceDate "2014.11.20"]
[SourceVersion "1"]
[SourceVersionDate "2014.11.20"]
[SourceQuality "1"]

1. d4 d5 2. Nf3 Nf6 3. c4 e6 4. Nc3 Be7 5. Qc2 0-0 6. e3 c5 7. Be2 dxc4 8. Bxc4 Nc6 9. dxc5 Bxc5 10. a3 a6 11. 0-0 b5 12. Be2 Qb6 13. b4 Bd6 14. Bb2 Bb7 15. Rac1 Rac8 16. Qb1 Rfd8 17. Rfd1 Ne7 18. Ng5 Nf5 19. Nce4 Nxe4 20. Nxe4 Rxc1 21. Bxc1 Be5 22. Rxd8+ Qxd8 23. g3 1/2-1/2